LEADER 01202nam1 2200397 450 001 990000934330203316 010 $a88-7062-970-8 035 $a0093433 035 $aUSA010093433 035 $a(ALEPH)000093433USA01 035 $a0093433 100 $a20020131d1997----km-y0ITAy01------ba 101 $alat$aita 102 $aIT 105 $a|||| ||||| 200 1 $aEpigrafi di Larino e della bassa Frentania$f[a cura di] Napoleone Stelluti 210 $aCampobasso$cEditrice Lampo$d1997. 215 $a2 v.$d30 cm 517 1 $aEpigrafi di Larino 610 0 $aIscrizioni latine$aMolise$aRepertori 676 $a471.1 702 1$aSTELLUTI,$bNapoleone 801 0$aIT$bsalbc$gISBD 912 $a990000934330203316 951 $aX B 357$bLM$cX B 959 $aBK 969 $aUMA 979 $aPATTY$b90$c20020131$lUSA01$h1523 979 $aPATTY$b90$c20020131$lUSA01$h1524 979 $aPATTY$b90$c20020131$lUSA01$h1524 979 $aPATTY$b90$c20020131$lUSA01$h1526 979 $aPATTY$b90$c20020131$lUSA01$h1526 979 $c20020403$lUSA01$h1736 979 $aPATRY$b90$c20040406$lUSA01$h1704 996 $aEpigrafi di Larino e della bassa Frentania$9284865 997 $aUNISA LEADER 00841nam0-22003131i-450- 001 990000125940403321 010 $a0-412-34150-6 035 $a000012594 035 $aFED01000012594 035 $a(Aleph)000012594FED01 035 $a000012594 100 $a20011111d--------km-y0itay50------ba 101 0 $aita 105 $ay-------001yy 200 1 $aMATERIALS science$fJ.C. Anderson... [e altri]. 205 $a4. ed. 210 $aLondon$cChapman and Hall$d1990 215 $aXVI, 608 p.$cill.$d23 cm 610 0 $aMateriali 676 $a620.11 702 1$aAnderson,$bJ. C.$g 801 0$aIT$bUNINA$gRICA$2UNIMARC 901 $aBK 912 $a990000125940403321 952 $a13 H 03 01$b8263$fFINBC 959 $aFINBC 996 $aMATERIALS science$9114319 997 $aUNINA DB $aING01